Central Library OPAC University of Rajshahi

Logic and contemporary rhetoric : (Record no. 56636)

MARC details
000 -LEADER
fixed length control field 00798nam a2200265 a 4500
001 - CONTROL NUMBER
control field 56636
003 - CONTROL NUMBER IDENTIFIER
rucl marc code BD-RjUL
005 - DATE AND TIME OF LATEST TRANSACTION
control field 20211209080422.0
008 - FIXED-LENGTH DATA ELEMENTS--GENERAL INFORMATION
fixed length control field 161203s1984 caua b 001 0 eng
020 ## - INTERNATIONAL STANDARD BOOK NUMBER
International Standard Book Number 0534031889
035 ## - SYSTEM CONTROL NUMBER
System control number (BD-RjUL)56760
040 ## - CATALOGING SOURCE
Original cataloging agency DLC
Transcribing agency DLC
Modifying agency DLC
Language of cataloging eng
041 ## - LANGUAGE CODE
Language code of text/sound track or separate title eng
082 00 - DEWEY DECIMAL CLASSIFICATION NUMBER
Classification number 160
Edition number 23
Author mark and year KAL 1984
100 1# - MAIN ENTRY--PERSONAL NAME
Personal name Kahane, Howard,
Dates associated with a name 1928-
9 (RLIN) 168460
245 10 - TITLE STATEMENT
Title Logic and contemporary rhetoric :
Remainder of title the use of reason in everyday life /
Statement of responsibility, etc. Howard Kahane.
250 ## - EDITION STATEMENT
Edition statement 4th ed.
260 ## - PUBLICATION, DISTRIBUTION, ETC. (IMPRINT)
Place of publication, distribution, etc. Belmont, Calif. :
Name of publisher, distributor, etc. Wadsworth Pub. Co.,
Date of publication, distribution, etc. c1984.
300 ## - PHYSICAL DESCRIPTION
Pagination xiii, 321 p. :
Illustrations ill. ;
Size 24 cm.
504 ## - BIBLIOGRAPHY, ETC. NOTE
Bibliography, etc Includes Bibliography and index.
650 #0 - SUBJECT ADDED ENTRY--TOPICAL TERM
Topical term or geographic name as entry element Fallacies (Logic)
9 (RLIN) 168461
Topical term or geographic name as entry element Reasoning.
9 (RLIN) 153978
Topical term or geographic name as entry element Judgment (Logic)
9 (RLIN) 117784
942 ## - ADDED ENTRY ELEMENTS (KOHA)
Source of classification or shelving scheme Dewey Decimal Classification
Koha item type Books
Holdings
Lost status Source of classification or shelving scheme Damaged status Not for loan Collection code Permanent Location Current Location Shelving location Date acquired Source of acquisition Total Checkouts Full call number Date last seen Copy number Koha item type
  Dewey Decimal Classification   Not For Loan Non-fiction Central Library, University of Rajshahi Central Library, University of Rajshahi Reading Room 17/04/1989 Gift   160 KAL 1984 03/12/2016 C-1 Books